| 000 | 00452nam a2200169Ia 4500 | ||
|---|---|---|---|
| 008 | 220204s9999 xx 000 0 und d | ||
| 082 |
_a581.5 _bNOB |
||
| 100 | _aNobel, Park S | ||
| 245 | 0 | _aPhysio chemical and environmental plant physiology | |
| 260 |
_aLondon _bAcademic Press _c1991 |
||
| 650 | _aBioenergetics | ||
| 650 | _aFluxes | ||
| 650 | _aPhysiological ecology | ||
| 650 | _aPlant Physiology | ||
| 650 | _aWater relations | ||
| 942 | _cBK | ||
| 999 |
_c40423 _d40423 |
||